[Event "Patron CC-ch"]
[Site "Greece"]
[Date "2008.01.07"]
[Round "7"]
[White "Anastasiou, Efthymios"]
[Black "Halkiopoulos, Alexios"]
[Result "1-0"]
[WhiteElo "1010"]
[BlackElo "1005"]
[PlyCount "47"]
[EventDate "2008.01.02"]
[EventType "swiss"]
[EventRounds "7"]
[EventCountry "GRE"]
[SourceTitle "EXT 2010"]
[Source "ChessBase"]
[SourceDate "2010.11.25"]
[SourceVersion "1"]
[SourceVersionDate "2010.11.25"]
[SourceQuality "1"]

1. b4 e5 2. Bb2 Bxb4 3. Bxe5 d6 4. Bxg7 Nc6 5. Bxh8 Nf6 6. a3 Bc5 7. e3 Qe7 8. Nf3 Bg4 9. Be2 0-0-0 10. Nc3 Rxh8 11. Na4 Ne5 12. Nxe5 Bxe2 13. Qxe2 Qxe5 14. 0-0 Rg8 15. g3 h5 16. d4 Bxd4 17. Rad1 Rg4 18. Qd3 Bc5 19. Nxc5 Qxc5 20. h3 Ra4 21. Ra1 Ne4 22. Qb3 Qg5 23. Qxa4 Nxg3 24. Qe8+ 1-0

[Event "Patron CC-ch"]
[Site "Greece"]
[Date "2008.01.03"]
[Round "3"]
[White "Anastasiou, Efthymios"]
[Black "Malafouris, Dionisios"]
[Result "0-1"]
[WhiteElo "1010"]
[BlackElo "1525"]
[PlyCount "84"]
[EventDate "2008.01.02"]
[EventType "swiss"]
[EventRounds "7"]
[EventCountry "GRE"]
[SourceTitle "EXT 2010"]
[Source "ChessBase"]
[SourceDate "2010.11.25"]
[SourceVersion "1"]
[SourceVersionDate "2010.11.25"]
[SourceQuality "1"]

1. b4 d5 2. Bb2 Qd6 3. a3 e5 4. Nf3 Nd7 5. g3 e4 6. Nd4 c5 7. bxc5 Nxc5 8. Nf5 Bxf5 9. Nc3 Qd7 10. d3 Bh3 11. dxe4 dxe4 12. Qxd7+ Bxd7 13. Bg2 Nf6 14. 0-0 Be7 15. f3 exf3 16. Bxf3 0-0 17. Rad1 Bh3 18. Rf2 Rfd8 19. Rxd8+ Rxd8 20. Bg2 Bxg2 21. Kxg2 Nfe4 22. Nxe4 Nxe4 23. Rf4 Bf6 24. Bxf6 Nxf6 25. g4 h6 26. h4 Rd2 27. Kf3 Rxc2 28. g5 hxg5 29. hxg5 Nh7 30. Ra4 Nxg5+ 31. Ke3 a6 32. Kf4 Ne6+ 33. Kf3 Rc3+ 34. Kg2 Nc5 35. Ra5 b6 36. Rxa6 Nxa6 37. e4 Rxa3 38. e5 b5 39. Kf2 b4 40. Ke2 Rc3 41. Kd2 Rc8 42. Kd3 b3 0-1